Blind Test Pokémon n°1: Villes - Statistiques

Statistiques générales
  • Ce quiz a été pris 10 fois
  • Le résultat moyen est 9 sur 15
Statistiques - réponses
Réponses % Correct
Bourg Palette
100%
Lavanville
78%
Port Yoneuve
78%
Voilaroc
78%
Bourg-en-Vol
67%
Doublonville
67%
Mérouville
67%
Rivamar
67%
Ekaeka
44%
Flusselles
44%
Mesaledo
44%
Levalendura
33%
Malié
33%
Skifford
33%
Yantreizh
33%
Aucun quiz correspondant
Distribution des résultats
% des personnes avec chaque résultat
Percentile par nombre de réponses
Votre historique - résultats
Vous n’avez pas pris ce quiz